=LDR 00000nam 2200000 4500 =001 INLIS000000000019920 =005 20130612114929 =008 ***********************************Ind** =035 ##$$0010-061300000019920 =041 ##$$a Ind =082 ##$$a R.371.403 =090 ##$$a R.371.403, Sud k =100 ##$$a Sudarsono =245 ##$$a Kamus konselinmg, Sudarsono =260 ##$$a 1997 $b Jakarta =300 ##$$a vi, 242 hlm, 22 cm =650 ##$$a Konseling-Kamus =850 ##$$a NBPNMAT